Biblioteca y Centro de Documentación

La impugnación de convenios colectivos (Registro nro. 50413)

Detalles MARC
000 -CABECERA
Longitud fija campo de control 01248naa a2200313 c 4500
001 - NÚMERO DE CONTROL
Número de control 50413
003 - IDENTIFICADOR DE NÚMERO DE CONTROL
Identificador del número de control ES-MaCES
005 - FECHA Y HORA DE LA ÚLTIMA TRANSACCIÓN
Fecha y hora de la última transacción 20171226110818.0
008 - CAMPO FIJO DE DESCRIPCIÓN FIJA--INFORMACIÓN GENERAL
Códigos de información de longitud fija   171226s2017 sp ||||| t||||||| ||spa d
040 ## - FUENTE DE CATALOGACIÓN
Centro catalogador de origen ES-MaCES
Lengua de catalogación spa
Centro transcriptor ES-MaCES
Centro modificado ES-MaCES
100 1# - ENCABEZAMIENTO PRINCIPAL--NOMBRE PERSONAL
9 (RLIN) 13963
Nombre de persona Gorelli Hernández, Juan
245 13 - MENCIÓN DE TÍTULO
Título La impugnación de convenios colectivos
Resto del título : efectos de la sentencia
Mención de responsabilidad, etc. Juan Gorelli Hernández
500 ## - NOTA GENERAL
Nota general Resumen
504 ## - NOTA DE BIBLIOGRAFÍA, ETC.
Nota de bibliografía, etc. Bibliografía: p. 51-53
610 14 - ASIENTO SECUNDARIO DE MATERIA--NOMBRE CORPORATIVO
9 (RLIN) 3199
Nombre de entidad corporativa o nombre de jurisdicción como elemento inicial España
Fecha del congreso o de la firma de un tratado 2011
Título de la obra Ley reguladora de la jurisdicción social
650 #4 - ASIENTO SECUNDARIO DE MATERIA--TÉRMINO DE MATERIA
9 (RLIN) 28361
Término de materia o nombre geográfico como elemento inicial convenio colectivo
650 #4 - ASIENTO SECUNDARIO DE MATERIA--TÉRMINO DE MATERIA
9 (RLIN) 28362
Término de materia o nombre geográfico como elemento inicial negociación colectiva
650 #4 - ASIENTO SECUNDARIO DE MATERIA--TÉRMINO DE MATERIA
9 (RLIN) 31120
Término de materia o nombre geográfico como elemento inicial impugnación
650 #4 - ASIENTO SECUNDARIO DE MATERIA--TÉRMINO DE MATERIA
9 (RLIN) 29830
Término de materia o nombre geográfico como elemento inicial conflicto de derecho
650 #4 - ASIENTO SECUNDARIO DE MATERIA--TÉRMINO DE MATERIA
9 (RLIN) 29889
Término de materia o nombre geográfico como elemento inicial procedimiento judicial
650 #4 - ASIENTO SECUNDARIO DE MATERIA--TÉRMINO DE MATERIA
9 (RLIN) 27165
Término de materia o nombre geográfico como elemento inicial derecho del trabajo
650 #4 - ASIENTO SECUNDARIO DE MATERIA--TÉRMINO DE MATERIA
9 (RLIN) 27166
Término de materia o nombre geográfico como elemento inicial legislación del trabajo
650 #4 - ASIENTO SECUNDARIO DE MATERIA--TÉRMINO DE MATERIA
9 (RLIN) 29888
Término de materia o nombre geográfico como elemento inicial sentencia judicial
650 #4 - ASIENTO SECUNDARIO DE MATERIA--TÉRMINO DE MATERIA
9 (RLIN) 28624
Término de materia o nombre geográfico como elemento inicial jurisprudencia
653 10 - TÉRMINO DE INDEXACIÓN--NO CONTROLADO
Término no controlado Derecho del trabajo y Seguridad Social
773 0# - ENTRADA DE DOCUMENTO FUENTE
Itemnumber del ítem fuente 86773
Lugar, editor y fecha de publicación Madrid (Ignacio Ellacuría, 3, 28017) Civitas
Otro identificador del documento 089669
Título Nueva revista española de Derecho del trabajo
Número de control del registro relacionado (ES-MaCES)25060
Parte(s) relacionada(s) n. 202 (oct. 2017) {10040 R. 089669} ;p. 23-53
902 ## - CES. TIPO DE DOCUMENTO
Tipodoc (006$c Sirtex) ART Artículo de revista
942 ## - ELEMENTOS KOHA
Fuente de clasificaión o esquema Clasificación propia del CES
Koha [por defecto] tipo de item Artículos (1982-2017)
Parte de clasificación Derecho del Trabajo y Seguridad Social

No hay ítems disponibles.

© CES, Consejo Económico y Social de España 2021